| 000 | 02609nam a2200385 a 4500 | ||
|---|---|---|---|
| 001 | ebr10484921 | ||
| 003 | CaPaEBR | ||
| 006 | m u | ||
| 007 | cr cn||||||||| | ||
| 008 | 110401s2011 inua s 001 0 eng d | ||
| 010 | _z 2011014264 | ||
| 020 | _z9781118063460 (pbk.) | ||
| 020 | _z9781118113608 (e-book) | ||
| 020 | _z9781118113622 (e-book) | ||
| 020 | _z9781118113615 (e-book) | ||
| 040 |
_aCaPaEBR _cCaPaEBR |
||
| 035 | _a(OCoLC)747412917 | ||
| 050 | 1 | 4 |
_aTK5105.5 _b.L3525 2011eb |
| 082 | 0 | 4 |
_a004.6076 _223 |
| 100 | 1 | _aLammle, Todd. | |
| 245 | 1 | 0 |
_aCNNA _h[electronic resource] : _bCisco certified network associate review guide / _cTodd Lammle. |
| 250 | _a1st ed. | ||
| 260 |
_aIndianapolis : _bWiley Technology Pub., _cc2011. |
||
| 300 |
_axx, 338 p. : _bill. |
||
| 490 | 1 | _aSerious skills | |
| 500 | _aIncludes index. | ||
| 520 |
_a"Organized by exam objectives, this is a focused, concise review guide that works hand-in-hand with any learning tool, including the Sybex CCNA: Cisco Certified Network Associate Study Guide, 7th and Deluxe editions.The book will consist of eight high-level chapters, each mapping to the eight main Domains of the exam objectives. The book will drill down into the specifics of the exam, covering the following: Describe how a network works Configure, verify and troubleshoot a switch with VLANs and interswitch communications Implement an IP addressing scheme and IP Services to meet network requirements in a medium-size Enterprise branch office network Configure, verify, and troubleshoot basic router operation and routing on Cisco devices Explain and select the appropriate administrative tasks required for a WLAN Identify security threats to a network and describe general methods to mitigate those threats Implement, verify, and troubleshoot NAT and ACLs in a medium-size Enterprise branch office network Implement and verify WAN links The book will also include an interactive CD, with two bonus exams, handy flashcard questions, and a searchable PDF of a Glossary of Terms"-- _cProvided by publisher. |
||
| 533 |
_aElectronic reproduction. _bPalo Alto, Calif. : _cebrary, _d2013. _nAvailable via World Wide Web. _nAccess may be limited to ebrary affiliated libraries. |
||
| 650 | 0 |
_aComputer networks _xExaminations _vStudy guides. |
|
| 650 | 0 |
_aTelecommunications engineers _xCertification. |
|
| 655 | 7 |
_aElectronic books. _2local |
|
| 710 | 2 | _aebrary, Inc. | |
| 830 | 0 | _aSerious skills. | |
| 856 | 4 | 0 |
_uhttp://site.ebrary.com/lib/rucke/Doc?id=10484921 _zAn electronic book accessible through the World Wide Web; click to view |
| 999 |
_c121048 _d121048 |
||